India grows at night : (Record no. 44382)
[ view plain ]
| 000 -LEADER | |
|---|---|
| fixed length control field | 01073nam a2200301 a 4500 |
| 001 - CONTROL NUMBER | |
| control field | 44382 |
| 003 - CONTROL NUMBER IDENTIFIER | |
| rucl marc code | BD-RjUL |
| 005 - DATE AND TIME OF LATEST TRANSACTION | |
| control field | 20211209053839.0 |
| 008 - FIXED-LENGTH DATA ELEMENTS--GENERAL INFORMATION | |
| fixed length control field | 120903s2012 ii b 001 0 eng d |
| 020 ## - INTERNATIONAL STANDARD BOOK NUMBER | |
| International Standard Book Number | 9780670084708 |
| Terms of availability | : IRs. 599.00 |
| International Standard Book Number | 0670084700 |
| 035 ## - SYSTEM CONTROL NUMBER | |
| System control number | (BD-RjUL)44500 |
| 040 ## - CATALOGING SOURCE | |
| Original cataloging agency | YDXCP |
| Language of cataloging | eng |
| Description conventions | rda |
| Transcribing agency | YDXCP |
| Modifying agency | DLC |
| -- | DKAGE |
| -- | BD-RjUL |
| 041 ## - LANGUAGE CODE | |
| Language code of text/sound track or separate title | eng |
| 082 00 - DEWEY DECIMAL CLASSIFICATION NUMBER | |
| Edition number | 23 |
| Classification number | 320.954 |
| Author mark and year | DAI 2012 |
| 100 1# - MAIN ENTRY--PERSONAL NAME | |
| Personal name | Das, Gurcharan, |
| 9 (RLIN) | 136228 |
| 245 10 - TITLE STATEMENT | |
| Title | India grows at night : |
| Remainder of title | a liberal case for a strong state / |
| Statement of responsibility, etc. | Gurcharan Das. |
| 260 ## - PUBLICATION, DISTRIBUTION, ETC. (IMPRINT) | |
| Place of publication, distribution, etc. | New Delhi : |
| Name of publisher, distributor, etc. | Penguin Books India Pvt. Ltd., |
| Date of publication, distribution, etc. | 2012 |
| 300 ## - PHYSICAL DESCRIPTION | |
| Pagination | [12], 308 p. ; |
| Size | 22 cm. |
| 504 ## - BIBLIOGRAPHY, ETC. NOTE | |
| Bibliography, etc | Includes bibliographical references (pages 286-298) and index. |
| 650 #7 - SUBJECT ADDED ENTRY--TOPICAL TERM | |
| Topical term or geographic name as entry element | Economic history. |
| Source of heading or term | fast |
| 9 (RLIN) | 136229 |
| Topical term or geographic name as entry element | Political science. |
| Source of heading or term | fast |
| 9 (RLIN) | 136230 |
| Topical term or geographic name as entry element | Industry. |
| Source of heading or term | eflch |
| 9 (RLIN) | 136231 |
| 651 #0 - SUBJECT ADDED ENTRY--GEOGRAPHIC NAME | |
| Geographic name | India |
| General subdivision | Politics and government. |
| 9 (RLIN) | 136232 |
| Geographic name | India. |
| Source of heading or term | fast |
| 9 (RLIN) | 136233 |
| 856 42 - ELECTRONIC LOCATION AND ACCESS | |
| Materials specified | Publisher description |
| Uniform Resource Identifier | <a href="http://catdir.loc.gov/catdir/enhancements/fy1305/2012353825-d.html">http://catdir.loc.gov/catdir/enhancements/fy1305/2012353825-d.html</a> |
| 942 ## - ADDED ENTRY ELEMENTS (KOHA) | |
| Source of classification or shelving scheme | Dewey Decimal Classification |
| Koha item type | Books |
| Lost status | Source of classification or shelving scheme | Damaged status | Not for loan | Collection code | Permanent Location | Current Location | Shelving location | Date acquired | Source of acquisition | Cost, normal purchase price | Total Checkouts | Full call number | Date last seen | Copy number | Koha item type |
|---|---|---|---|---|---|---|---|---|---|---|---|---|---|---|---|
| Dewey Decimal Classification | Not For Loan | Non-fiction | Central Library, University of Rajshahi | Central Library, University of Rajshahi | Reading Room | 08/06/2016 | V.C. Office, R.U. | 599.00 | 320.954 DAI 2012 | 17/07/2016 | C-1 | Books |